| 000 | 00564nam a22001697a 4500 | ||
|---|---|---|---|
| 999 |
_c7115 _d7115 |
||
| 003 | GBCCL | ||
| 005 | 20241126110620.0 | ||
| 008 | 180710b ||||| |||| 00| 0 eng d | ||
| 040 | _cGBC | ||
| 082 |
_a275.417 _bVAI |
||
| 100 |
_aVaiphei, Kim _94003 |
||
| 245 |
_aThe Coming of Christianity in Manipur: _bWith special reference to the Kukis/ _cKim Vaiphei |
||
| 260 |
_aNew Delhi: _bThe Joint Women's Programme, _c1995. |
||
| 300 |
_a52 p.; _c13 x 21 cm. |
||
| 650 |
_aChristianity - Manipur _vChurch History _vKuki (Asian) - Manipur - India _912598 |
||
| 942 |
_2ddc _cBK _04 |
||